BODY LANGUAGE AND PRESENTATION SKILLS (Record no. 33477)

MARC details
000 -LEADER
fixed length control field 00288nam a22001337a 4500
003 - CONTROL NUMBER IDENTIFIER
control field SGT
020 ## - INTERNATIONAL STANDARD BOOK NUMBER
International Standard Book Number 9788179104705
082 ## - DEWEY DECIMAL CLASSIFICATION NUMBER
Classification number 153.69,SIN
100 ## - MAIN ENTRY--PERSONAL NAME
Personal name SINHA MOSAM
245 ## - TITLE STATEMENT
Title BODY LANGUAGE AND PRESENTATION SKILLS
260 ## - PUBLICATION, DISTRIBUTION, ETC. (IMPRINT)
Place of publication, distribution, etc JAIPUR
Name of publisher, distributor, etc APD
Year of Publication 2021
300 ## - PAGE DESCRIPTION
No. of Pages 124
942 ## - ADDED ENTRY ELEMENTS (KOHA)
Source of classification or shelving scheme Dewey Decimal Classification
Koha item type Books
Holdings
Withdrawn status Lost status Source of classification or shelving scheme Damaged status Not for loan Collection code Home library Current library Shelving location Date acquired Vendor Name Cost, normal purchase price SGTU Bill Number Full call number Accession No. (Barcode) Date last seen Bill Date Koha item type
    Dewey Decimal Classification   Not For Loan EDUCATION SGT Engineering Library SGT Engineering Library Reference Book 22/01/2026 BRIJWASI BOOK DISTRIBUTORS 660.00 SGTU IN/BW/000365 153.69,SIN ED5441 22/01/2026 20/12/2025 Books